000 01976nam a2200373 c 4500
999 _c205853
_d205853
003 BLK
005 20250730124357.0
008 180411b bul|||||r ||||||| ||bul||
010 _aKNG00215565000
020 _a978-954-09-1143-4
040 _aBLK
041 _aBUL
_cBUL
072 7 _2bullib
_aН83
_xЧужда художествена литература Н
080 _aРуска литература
_b821.161.1
_x-13
_z821.161.1-13
100 _aПушкин, Александър Сергеевич
_d1799-1837
_9364559
139 _aПушкин, Александър Сергеевич
_bП 94
245 1 0 _aЕвгений Онегин
_bРоман в стихове
_cАлександър Сергеевич Пушкин; прев. от рус. Любен Любенов.
250 _a2. прераб. изд.
257 _aRUS
260 _bЗахарий Стоянов
_c2017
_fКостинброд : Мултипринт
300 _a373 с.
_c21 см
380 _aX
490 1 _aПоредица Шедьовър
500 _aОриг. загл.: Евгений Онегин. - Любен Георгиев Прангов - истинско име на Любен Любенов Превод на чуждоезиковите думи и изрази: с. 228-231 ; Азбучен показалец на имената и на наименованията: с. 233-242 ; Съчиненията на Александър Пушкин / Висарион Белински: с. 254-352 ; Тайните на гения / Андрей Чернов: с. 354-367.
659 _aН
700 1 _aЛюбенов, Любен
_eпрев. от рус.
_gПрангов, Любен Георгиев
_9363992
852 _aЦб 288924
856 4 _qpdf
856 4 _qpdf
942 _cKNG
_n0
_0316
944 _aCR
_c15.01.2018
_k30531
_lЦветелина Шанова
944 _aED
_c01.03.2018
_kГрета_Цуфелде
999 _d205853